000 00535nam a22001937a 4500
003 OSt
005 20140505095126.0
008 140505b xxu||||| |||| 00| 0 eng d
020 _a9789810113681
050 _aQA 135.5
_b.K45 m6a 2010
100 _aHo Kheong Fong
245 _aMaths 6A :
_bPupil's book /
_cDr. Fong Ho Kheong.
260 _aSingapore :
_bMarshall Cavendish Education,
_c2010.
300 _a178 p. :
_bcol. ill. ;
_c26 cm.
440 _aMy Pals are Here!
650 _aMaths.
942 _2lcc
_cBK
999 _c115762
_d115762